Loading...
| Literature - British Literature | 1 | 4 | 1 | 0 | 50 | 61 | 115.60 | 2 | 5 |
| Social Science | 1 | 4 | 1 | 2 | 50 | 54 | 118.20 | 1 | 5 |
| Fine Arts - Auditory Fine Arts | 0 | 2 | 0 | 1 | 20 | 135 | 144.00 | 0 | 2 |
| Literature - European Literature | 0 | 2 | 0 | 0 | 20 | 105 | 116.00 | 1 | 2 |
| Literature - World Literature | 0 | 2 | 1 | 0 | 15 | 106 | 127.50 | 0 | 2 |
| Geography | 1 | 0 | 0 | 0 | 15 | 103 | 103.00 | 0 | 1 |
| Other Academic | 0 | 1 | 0 | 0 | 10 | 137 | 137.00 | 0 | 1 |
| Fine Arts - Visual Fine Arts | 0 | 2 | 2 | 0 | 10 | 140 | 146.00 | 0 | 2 |
| Religion | 0 | 1 | 0 | 0 | 10 | 143 | 143.00 | 0 | 1 |
| Science - Other Science | 0 | 1 | 0 | 0 | 10 | 99 | 99.00 | 1 | 1 |
| Mythology | 0 | 0 | 0 | 0 | 0 | 0.00 | 0 | 0 | |
| Literature - American Literature | 0 | 1 | 3 | 0 | -5 | 139 | 139.00 | 0 | 1 |
| Philosophy | 0 | 0 | 1 | 0 | -5 | 0.00 | 0 | 0 |